000 00460nam a2200193Ia 4500
005 20240823032052.0
008 240823s9999||||xx |||||||||||||| ||und||
020 _a81-261-2247-1
041 _aENGLISH
082 _A370.15 P7
100 _aBhatia P R
245 0 _aPsycology of Teaching-Learning Process
250 _a1 st
260 _c2007
_b"Anmol Pub,New Delhi"
500 _aYES
650 _aPsycology
_bGeneral
942 _cBK
999 _c192569
_d192569